| 000 | 00924nab a2200277 4500 | ||
|---|---|---|---|
| 003 | BR-BrBNA | ||
| 005 | 20240814105030.0 | ||
| 008 | 240630b bl.||||| |||| 00| 0 por d | ||
| 040 |
_aBR-BrBNA _bpor |
||
| 072 |
_aF01 ; E10 ; E71 _b0430 ; 8927 |
||
| 100 | _aOliveira, Antônio | ||
| 245 |
_aDepois da bonança pode vir tempestade _bCotonicultura |
||
| 500 | _a3 illus.; 2 graphs | ||
| 650 | _aCOTONICULTURA | ||
| 650 | _aALGODÃO | ||
| 650 | _aPLUMA | ||
| 650 | _aFIBRA VEGETAL | ||
| 650 | _aPOLÍTICA AGRÍCOLA | ||
| 650 | _aMERCADO INTERNACIONAL | ||
| 650 | _aSELO DE QUALIDADE | ||
| 650 | _aPESQUISA | ||
| 650 | _aOESTE DA BAHIA | ||
| 773 | 0 |
_04604 _9317198 _dPalmas - Tocantins Terranova Gráfica e Editora Jornalística Ltda 2005 _o2024-3822 _tCerrado Rural Agronegócios (Brazil) _x1980-2595 _gv. 4(28) p. 26-29; (Oct 2007) _wBR2024001889 |
|
| 942 | _cAnalítica | ||
| 999 |
_c300311 _d300311 |
||